000 00453nam a22001817a 4500
005 20251108172607.0
008 250721s9999 xx 000 0 eng d
082 1 4 _a690.11GAM
100 1 _aEl-gamal, Fathy F.
245 1 0 _aFoundation: Solved Problems /
264 1 _aCairo :
_bWagdey M.EL-Tantawey,
300 _a805p.
650 1 7 _aFoundations
650 1 7 _aFootings
650 1 7 _aFoundation Engineering
942 _2ddc
_cBK
999 _c83445
_d83445